<?xml version="1.0" encoding="UTF-8"?>
<record
    xmlns:xsi="http://www.w3.org/2001/XMLSchema-instance"
    xsi:schemaLocation="http://www.loc.gov/MARC21/slim http://www.loc.gov/standards/marcxml/schema/MARC21slim.xsd"
    xmlns="http://www.loc.gov/MARC21/slim">

  <leader>02385nam a2200313 u 4500</leader>
  <controlfield tag="001">664861</controlfield>
  <controlfield tag="005">20260506090455.0</controlfield>
  <controlfield tag="008">010517e20000202                    spa  </controlfield>
  <datafield tag="020" ind1=" " ind2=" ">
    <subfield code="a">8474327857</subfield>
  </datafield>
  <datafield tag="035" ind1=" " ind2=" ">
    <subfield code="a">664861</subfield>
  </datafield>
  <datafield tag="035" ind1=" " ind2=" ">
    <subfield code="a">(OCoLC)777795111</subfield>
  </datafield>
  <datafield tag="040" ind1=" " ind2=" ">
    <subfield code="c">comduadb</subfield>
  </datafield>
  <datafield tag="041" ind1=" " ind2=" ">
    <subfield code="a">spa</subfield>
  </datafield>
  <datafield tag="082" ind1=" " ind2="4">
    <subfield code="a">302</subfield>
  </datafield>
  <datafield tag="100" ind1="1" ind2="0">
    <subfield code="a">Sinclair, John</subfield>
    <subfield code="4">aut</subfield>
    <subfield code="e">aut</subfield>
    <subfield code="9">326823</subfield>
  </datafield>
  <datafield tag="245" ind1="1" ind2="0">
    <subfield code="a">Televisi&#xF3;n: comunicaci&#xF3;n global y regionalizaci&#xF3;n</subfield>
  </datafield>
  <datafield tag="260" ind1=" " ind2=" ">
    <subfield code="a">Barcelona :</subfield>
    <subfield code="b">Editorial Gedisa,</subfield>
    <subfield code="c">2000.</subfield>
  </datafield>
  <datafield tag="300" ind1=" " ind2=" ">
    <subfield code="a">158 p&#xE1;ginas.</subfield>
  </datafield>
  <datafield tag="490" ind1="0" ind2=" ">
    <subfield code="a">Estudios de Television ;</subfield>
    <subfield code="v">8</subfield>
  </datafield>
  <datafield tag="505" ind1=" " ind2=" ">
    <subfield code="a">CONTENIDO : Presentaci&#xF3;n. -- I: Televisi&#xF3;n y comunicaci&#xF3;n en la &#xE9;poca de la globalizaci&#xF3;n: la respuesta de la teor&#xED;a de un mundo cambiante. -- II: C&#xF3;mo fue "The media are American". -- El desarrollo de los medios en el "primer mundo". -- III: El desarrollo de los medios en el "tercer mundo": televisi&#xF3;n, "dependencia" e "imperialismo de los medios". -- IV: El debate sobre el NOMIC, el papel de la UNESCO y el caso de la industria de las noticias internacionales en la televisi&#xF3;n. -- V: La teor&#xED;a de la globalizaci&#xF3;n: El concepto y la cr&#xED;tica. -- El papel destacado de la televisi&#xF3;n y la comunicaci&#xF3;n social. -- VI: &#xBF;La lucha contin&#xFA;a? Los conceptos cr&#xED;ticos en la &#xE9;poca del sat&#xE9;lite. -- El debate sobre el "Imperialismo cultural" sigue en la era de globalizaci&#xF3;n. -- VII: La amenaza a las "culturas nacionales" y a la identidad en la &#xE9;poca de la globalizaci&#xF3;n. -- La defensa de lo indefendible. -- VIII: El espacio y el tiempo en la era de la globalizaci&#xF3;n: nuevas estructuras de la producci&#xF3;n en las industrias culturales. -- IX: Los nuevos conceptos de la cultura: culturas h&#xED;bridas, poscoloniales y viajes. -- Los flujos de la gente y  de la televisi&#xF3;n. -- X: Las "regiones geoling&#xFC;&#xED;sticas" c&#xF3;mo mercados globales: la industria de la televisi&#xF3;n en el mundo iberoamericano desde una perspectiva global. -- XI: Cultura y comercio: la televisi&#xF3;n, los Estados-naci&#xF3;n y sus culturas en un mundo de libre comercio. -- Bibliograf&#xED;a.</subfield>
  </datafield>
  <datafield tag="650" ind1=" " ind2=" ">
    <subfield code="a">Televisi&#xF3;n</subfield>
    <subfield code="9">1607</subfield>
  </datafield>
  <datafield tag="650" ind1=" " ind2=" ">
    <subfield code="a">Televisi&#xF3;n y pol&#xED;tica</subfield>
    <subfield code="9">28339</subfield>
  </datafield>
  <datafield tag="650" ind1=" " ind2="7">
    <subfield code="a">Medios de comunicaci&#xF3;n de masas</subfield>
    <subfield code="2">lemb</subfield>
    <subfield code="9">4657</subfield>
  </datafield>
  <datafield tag="650" ind1=" " ind2="7">
    <subfield code="a">Globalizaci&#xF3;n</subfield>
    <subfield code="2">lemb</subfield>
    <subfield code="9">15458</subfield>
  </datafield>
  <datafield tag="650" ind1=" " ind2=" ">
    <subfield code="a">Comunicaci&#xF3;n social</subfield>
    <subfield code="9">2306</subfield>
  </datafield>
  <datafield tag="650" ind1=" " ind2=" ">
    <subfield code="a">Televisi&#xF3;n educativa</subfield>
    <subfield code="9">52158</subfield>
  </datafield>
  <datafield tag="650" ind1=" " ind2=" ">
    <subfield code="a">Televisi&#xF3;n - Aspectos sociales</subfield>
    <subfield code="9">6880</subfield>
  </datafield>
  <datafield tag="942" ind1=" " ind2=" ">
    <subfield code="c">BOOK</subfield>
  </datafield>
  <datafield tag="999" ind1=" " ind2=" ">
    <subfield code="c">197319</subfield>
    <subfield code="d">197319</subfield>
  </datafield>
  <datafield tag="952" ind1=" " ind2=" ">
    <subfield code="0">0</subfield>
    <subfield code="1">0</subfield>
    <subfield code="4">0</subfield>
    <subfield code="7">0</subfield>
    <subfield code="8">GEN</subfield>
    <subfield code="a">BC</subfield>
    <subfield code="b">BC</subfield>
    <subfield code="d">2023-04-23</subfield>
    <subfield code="e">Libreria Simsalabim</subfield>
    <subfield code="g">32000.00</subfield>
    <subfield code="i">C682052</subfield>
    <subfield code="l">0</subfield>
    <subfield code="o">302.2345 S616</subfield>
    <subfield code="p">61000003575269</subfield>
    <subfield code="r">2023-04-23 00:00:00</subfield>
    <subfield code="t">1</subfield>
    <subfield code="w">2023-04-23</subfield>
    <subfield code="y">BOOK</subfield>
  </datafield>
  <datafield tag="952" ind1=" " ind2=" ">
    <subfield code="0">0</subfield>
    <subfield code="1">0</subfield>
    <subfield code="4">0</subfield>
    <subfield code="7">0</subfield>
    <subfield code="8">GEN</subfield>
    <subfield code="a">BC</subfield>
    <subfield code="b">BC</subfield>
    <subfield code="d">2004-10-30</subfield>
    <subfield code="e">Fragua</subfield>
    <subfield code="g">40000.00</subfield>
    <subfield code="i">C845442</subfield>
    <subfield code="l">0</subfield>
    <subfield code="o">302.2345 S616 e2</subfield>
    <subfield code="p">0543181</subfield>
    <subfield code="r">2023-04-23 00:00:00</subfield>
    <subfield code="t">2</subfield>
    <subfield code="w">2023-04-23</subfield>
    <subfield code="y">BOOK</subfield>
  </datafield>
</record>
